000 00447nam a22001697a 4500
003 NUST - PNEC
005 20170116180928.0
008 150905b xxu||||| |||| 00| 0 eng d
020 _a0070492522
040 _cLIBRARY
082 _a621.3 PEE
100 _98055
_a Peebles, Peyton Z.
245 _aPrinciples of electrical engineering
_c Peyton Z Peebles
260 _cc.1991
650 _98060
_aElectrical engineering
_xEE
942 _2ddc
_cBK
999 _c65803
_d65803